00932nam a2200253 a 450000100060000000300080000600500170001400800410003102000280007203500190010004000320011904100080015108200250015924500660018426000610025030000360031150400510034765000320039865000210043070000370045194200120048899900170050095201610051769483BD-RjUL20211209081908.0120417s2002 enka b 001 0 eng  a012174597X (alk. paper) a(BD-RjUL)69695 aDLCcDLCdDLCdBD-RjULbeng aeng00223a660.65bPRI 200210aPrinciples of cloning /cedited by Jose Cibelli ... [et al.]. aAmsterdam ;aBoston ;aLondon :bAcademic Press,cc2002. axxii, 531 p. :bill. ;c29 cm. aIncludes bibliographical references and index. 0aGenetic engineering9205817 0aCloning.92041981 aCibelli, Jose B.,d1963-9205818 2ddccBK c69483d69483 00102ddc40718NFICaRUCLbRUCLcReadingd2009-04-19eParagon Enterprise ltd., Dhakag215.00l0o660.65 PRI 2002r2017-04-12 00:00:00tC-1w2017-04-12yBK